000 01402aam a2200337 4500
005 20241002185302.0
008 150320b2010 sp ||||| |||| 00| 0 spa d
020 _a9788480866644
041 _aESP
082 _a610.696 C567t
100 _aCibanal, Juan Luis
_928520
100 _aArce Sánchez, María del Carmen
_928521
100 _aCarballo Balsa, María del Consuelo
_928522
245 _aTécnicas de comunicación y relación de ayuda en ciencias de la salud
250 _a2 edición
260 _aEspaña
260 _bELsevier
260 _c2010
300 _a304 páginas
300 _eContiene disco compacto N° 105
505 _aEl disco contiene vídeos que ejemplifican las técnicas de comunicación y relación de ayuda en ciencias de la salud, en los siguientes casos: 1. Paciente ansioso. 2. Paciente indiferente. 3. Paciente agresivo. 4. Profesional cansado no explica cansancio. 5. Profesional cansado explica cansancio. 6. Profesional no explica el tiempo. 7. Profesional explica el tiempo. 8. Feedback. 9. Profesional empático.
650 _aRELACIONES MÉDICAS
650 _aCOMUNICACIÓN
650 _aESQUEMA DE LA COMUNICACIÓN
650 _aRECEPCIÓN DEL MENSAJE
650 _aRELACIONES CON EL PACIENTE
650 _aRELACIÓN DE AYUDA
650 _aCOMUNICACIÓN GRUPAL
650 _aCOMUNICACIÓN TERAPÉUTICA
942 _cBK
_2ddc
999 _c3337
_d3337